[Event "22nd ch-EUR Indiv 2022"]
[Site "Terme Catez SLO"]
[Date "2022.04.02"]
[Round "7.137"]
[White "Nareks, Matic"]
[Black "Zupancic, Urban"]
[Result "1-0"]
[WhiteTitle "CM"]
[WhiteElo "2202"]
[BlackElo "2047"]
[WhiteFideId "14629526"]
[BlackFideId "14606631"]
[EventDate "2022.03.27"]

1. d4 d5 2. Bf4 Nf6 3. Nc3 Bf5 4. e3 e6 5. f3 Nh5 6. Qd2 Nxf4 7. exf4 h5 8.
O-O-O c5 9. dxc5 Bxc5 10. Bd3 Bxd3 11. Qxd3 Nc6 12. Kb1 g6 13. Nge2 a6 14. a3
Qc7 15. Nxd5 exd5 16. Qc3 d4 17. Qxc5 O-O-O 18. Rd2 Rhe8 19. Rhd1 Re3 20. Qc4 d3
21. cxd3 b5 22. Qc5 Nd4 23. Rc1 Qxc5 24. Rxc5+ Kb7 25. Nxd4 Rxd4 26. Re5 Rdxd3
27. Rxd3 Rxd3 28. Re7+ Kb8 29. Kc2 Rd6 30. Rxf7 Re6 31. Kd3 Rd6+ 32. Ke3 Rc6 33.
Rg7 Rc2 34. Rxg6 Rxb2 35. f5 Kc7 36. Kf4 a5 37. g4 Rxh2 38. f6 Kd7 39. Rg7+ Ke8
40. g5 Rh4+ 41. Kf5 Rh3 42. Ke6 Kf8 43. Rb7 Kg8 44. g6 1-0

[Event "22nd ch-EUR Indiv 2022"]
[Site "Terme Catez SLO"]
[Date "2022.04.02"]
[Round "7.138"]
[White "Vidic, Teja"]
[Black "Martinkus, Rolandas"]
[Result "1-0"]
[WhiteTitle "WIM"]
[BlackTitle "FM"]
[WhiteElo "2191"]
[BlackElo "2033"]
[WhiteFideId "14605511"]
[BlackFideId "12800481"]
[EventDate "2022.03.27"]

1. e4 e5 2. Nf3 Nc6 3. d4 exd4 4. Nxd4 Bb4+ 5. c3 Bc5 6. Be3 Bb6 7. Nf5 Bxe3 8.
Nxe3 Nge7 9. c4 d6 10. Nc3 O-O 11. Bd3 Ne5 12. Bc2 Be6 13. b3 N7g6 14. O-O Qg5
15. Ncd5 Ng4 16. Nxg4 Bxg4 17. f3 c6 18. fxg4 cxd5 19. exd5 Ne5 20. h3 Qe3+ 21.
Kh1 b5 22. cxb5 Rac8 23. Bf5 Rc5 24. Qe1 Qh6 25. Qe2 g6 26. Bd3 Rxd5 27. Bc4 Rd2
28. Qe4 Rb2 29. Rad1 1-0

[Event "22nd ch-EUR Indiv 2022"]
[Site "Terme Catez SLO"]
[Date "2022.04.02"]
[Round "7.139"]
[White "Roebers, Jan"]
[Black "Patt, Zafrir"]
[Result "1-0"]
[WhiteTitle "FM"]
[WhiteElo "2156"]
[BlackElo "1771"]
[WhiteFideId "1007815"]
[BlackFideId "2840170"]
[EventDate "2022.03.27"]

1. e4 c5 2. Nf3 d6 3. h3 Nf6 4. c3 Bd7 5. e5 dxe5 6. Nxe5 Nc6 7. d4 cxd4 8. cxd4
Nxe5 9. dxe5 Qa5+ 10. Nc3 Qxe5+ 11. Be2 e6 12. Be3 Bc5 13. Bxc5 Qxc5 14. O-O O-O
15. Ne4 Qe7 16. Nxf6+ gxf6 17. Bf3 Rab8 18. Rc1 Bb5 19. Re1 Rfd8 20. Qb3 Ba6 21.
Qe3 b6 22. Qh6 Bd3 23. Be4 f5 24. Re3 f6 25. Bxd3 Qf7 26. Rg3+ Kh8 27. Rc7 1-0

[Event "22nd ch-EUR Indiv 2022"]
[Site "Terme Catez SLO"]
[Date "2022.04.02"]
[Round "7.140"]
[White "Varney, Zoe"]
[Black "Hommer, Jeremy"]
[Result "1/2-1/2"]
[WhiteTitle "WCM"]
[WhiteElo "1998"]
[BlackElo "2221"]
[WhiteFideId "436135"]
[BlackFideId "12992577"]
[EventDate "2022.03.27"]

1. e4 e6 2. d4 d5 3. Bd3 dxe4 4. Bxe4 Nf6 5. Bf3 c5 6. Ne2 Nc6 7. Be3 cxd4 8.
Nxd4 Bd7 9. O-O Be7 10. Nc3 O-O 11. Qe2 Qc8 12. Ne4 a6 13. Rfe1 Qc7 14. Rad1
Rad8 15. c3 Rfe8 16. g3 Nxe4 17. Bxe4 Bf6 18. Nf3 b5 19. Bf4 e5 20. Bg5 Bxg5 21.
Nxg5 h6 22. Nxf7 Kxf7 23. Rxd7+ Qxd7 24. Qf3+ Kg8 25. Bxc6 Qd2 26. Re2 Qd1+ 27.
Kg2 Rf8 28. Qe3 Qd6 29. Bf3 Rfe8 30. Bh5 g6 31. Bf3 Kg7 32. h4 h5 33. Be4 Qe6
34. a3 Rd1 35. Bc2 Rd6 36. Kh2 Qf6 37. Be4 Re7 38. Qc5 Red7 39. Qe3 Qd8 40. Bc2
Qf6 41. Kg2 Re7 42. Qe4 Rd8 43. Qe3 Kh7 44. Kh2 Red7 45. Kg2 Rd5 46. Kh2 Qd6 47.
Qg5 Kg7 48. Be4 Rd1 49. Bc2 Rd5 50. Be4 1/2-1/2

[Event "22nd ch-EUR Indiv 2022"]
[Site "Terme Catez SLO"]
[Date "2022.04.02"]
[Round "7.141"]
[White "Kodric, Gasper"]
[Black "Lorscheid, Gerhard"]
[Result "0-1"]
[BlackTitle "FM"]
[WhiteElo "1787"]
[BlackElo "2150"]
[WhiteFideId "14625814"]
[BlackFideId "4606000"]
[EventDate "2022.03.27"]

1. c4 d6 2. g3 e5 3. Bg2 g6 4. Nc3 Bg7 5. d3 f5 6. Nf3 Nf6 7. O-O O-O 8. Rb1 Nh5
9. Qc2 a5 10. a3 f4 11. b4 axb4 12. axb4 g5 13. Bb2 g4 14. Nd2 Nc6 15. Nd5 Bh6
16. Ra1 Rb8 17. b5 Nd4 18. Bxd4 exd4 19. Ra7 Be6 20. Rfa1 Kh8 21. Nb4 fxg3 22.
hxg3 Nxg3 23. Ne4 Nxe4 24. dxe4 Qh4 25. Nd3 Rxf2 26. Nxf2 Be3 27. Bf3 Qxf2+ 28.
Kh1 Qh4+ 29. Kg2 Qh3# 0-1

[Event "22nd ch-EUR Indiv 2022"]
[Site "Terme Catez SLO"]
[Date "2022.04.02"]
[Round "7.142"]
[White "Olenik Campa, Rudi"]
[Black "Javornik, Nik"]
[Result "1/2-1/2"]
[WhiteTitle "CM"]
[WhiteElo "2112"]
[BlackElo "2002"]
[WhiteFideId "14633264"]
[BlackFideId "14636549"]
[EventDate "2022.03.27"]

1. e4 c5 2. Ne2 Nc6 3. d3 e5 4. Nbc3 g6 5. g3 Bg7 6. Bg2 Nge7 7. Be3 d6 8. Qd2
Qa5 9. a4 Be6 10. f4 Nd4 11. O-O Nec6 12. h3 O-O-O 13. Bf2 Kb8 14. Qd1 Nxe2+ 15.
Qxe2 exf4 16. gxf4 Bxc3 17. bxc3 Qxc3 18. Bh4 Rc8 19. Qf2 Qd4 20. f5 Bd7 21.
Rab1 Qxf2+ 22. Rxf2 Ne5 23. fxg6 hxg6 24. Bf6 Rh7 25. Be7 Rc6 26. Rf6 Be6 27.
Bf1 Kc7 28. c3 Bxh3 29. Bxh3 Rxh3 30. d4 Nd7 31. Rxf7 Rxc3 32. d5 Rb6 33. Rxb6
axb6 34. Rg7 Rg3+ 35. Kf2 Rg4 36. Rg8 Ne5 37. Ke3 Rg3+ 38. Kf4 Rg4+ 39. Ke3 Rg3+
40. Kf4 Rf3+ 41. Kg5 c4 42. Bd8+ Kd7 43. Bxb6 c3 44. Rd8+ Ke7 45. Rc8 Rg3+ 46.
Kf4 Rf3+ 47. Kg5 Rg3+ 48. Kh6 Kf6 49. Bd8+ Kf7 50. Ba5 Nf3 51. Rc7+ Kf6 52.
Bxc3+ Ne5 53. Bxe5+ Kxe5 54. Re7+ Kd4 55. Re6 Rg4 56. Rxd6 Kxe4 57. Rd7 Ke5 58.
Rxb7 Rxa4 59. Rd7 Rd4 1/2-1/2

[Event "22nd ch-EUR Indiv 2022"]
[Site "Terme Catez SLO"]
[Date "2022.04.02"]
[Round "7.143"]
[White "Novosel, Lovro"]
[Black "Ghita, Vlad-Bogdan"]
[Result "1-0"]
[WhiteElo "2099"]
[BlackElo "1981"]
[WhiteFideId "14547120"]
[BlackFideId "1222198"]
[EventDate "2022.03.27"]

1. Nf3 d5 2. g3 Nf6 3. Bg2 c6 4. O-O Bg4 5. c4 Bxf3 6. Bxf3 e6 7. Qc2 Nbd7 8. b3
Bd6 9. Bb2 O-O 10. d3 e5 11. Nd2 Rc8 12. e3 Re8 13. Rac1 h6 14. Bg2 Nf8 15. Qb1
Qd7 16. Rfd1 Ng6 17. Qa1 Qg4 18. a4 h5 19. Ba3 Bb8 20. b4 h4 21. b5 hxg3 22.
hxg3 e4 23. cxd5 cxd5 24. dxe4 dxe4 25. Qb1 Bxg3 26. fxg3 Rxc1 27. Rxc1 Qxg3 28.
Nf1 Qg5 29. Bd6 Nh4 30. Bg3 Re5 31. Qc2 Nf3+ 32. Bxf3 exf3 33. Qf2 Rf5 34. Rc8+
Kh7 35. Qh2+ Kg6 36. Qh4 f2+ 37. Kg2 Qxh4 38. Bxh4 Ne4 39. Rc4 Nd6 40. Rd4 1-0

[Event "22nd ch-EUR Indiv 2022"]
[Site "Terme Catez SLO"]
[Date "2022.04.02"]
[Round "7.144"]
[White "Hryzlova, Sofiia"]
[Black "Lauda, Alexandr"]
[Result "1-0"]
[WhiteTitle "WCM"]
[WhiteElo "2097"]
[BlackElo "1789"]
[WhiteFideId "14174669"]
[BlackFideId "13903179"]
[EventDate "2022.03.27"]

1. c4 Nf6 2. Nc3 e6 3. e4 d5 4. cxd5 exd5 5. e5 Ne4 6. Nf3 Bf5 7. d3 Nxc3 8.
bxc3 c5 9. d4 c4 10. g3 Qa5 11. Bd2 h6 12. a4 g5 13. Bg2 Bd3 14. Ng1 Nc6 15. Ne2
O-O-O 16. Nc1 Bf5 17. O-O b5 18. Qh5 Rd7 19. axb5 Qxa1 20. bxc6 Rc7 21. Bxd5 Qb2
22. Bxg5 Rg8 23. Be3 Bg4 24. Qh4 Rg6 25. h3 Be7 26. Bg5 Rxg5 27. hxg4 Qxc3 28.
Ne2 Qd3 29. Qxh6 Qxe2 30. Bxf7 Qf3 31. Qh8+ Bd8 32. Be6+ Rd7 33. Bxd7+ Kc7 34.
Rb1 1-0

[Event "22nd ch-EUR Indiv 2022"]
[Site "Terme Catez SLO"]
[Date "2022.04.02"]
[Round "7.145"]
[White "Kovalskyi, Roman"]
[Black "Tancsa, Tamas"]
[Result "1-0"]
[WhiteElo "1807"]
[BlackElo "2096"]
[WhiteFideId "14184214"]
[BlackFideId "783749"]
[EventDate "2022.03.27"]

1. e4 e5 2. Nf3 Nc6 3. Bc4 Nf6 4. d3 h6 5. c3 d6 6. a4 g5 7. Qb3 Qe7 8. a5 a6 9.
Nbd2 Bg7 10. Nf1 O-O 11. Ng3 Nd8 12. O-O c6 13. Qc2 d5 14. Ba2 Bg4 15. Be3 Bxf3
16. gxf3 Ne6 17. Nf5 Qd7 18. d4 exd4 19. cxd4 dxe4 20. fxe4 Nh5 21. e5 Nef4 22.
Bb1 f6 23. Ng3 Qh3 24. Qh7+ Kf7 25. e6+ Ke8 26. Bxf4 Nxf4 27. Be4 f5 28. Qxg7
Nxe6 29. Qg6+ Ke7 30. Bxf5 Rf6 31. Qxf6+ Kxf6 32. Bxh3 Nxd4 33. Rad1 Rd8 34. Kg2 1-0

[Event "22nd ch-EUR Indiv 2022"]
[Site "Terme Catez SLO"]
[Date "2022.04.02"]
[Round "7.146"]
[White "Borisek, Anze"]
[Black "Yakimenko, Alexander A."]
[Result "1/2-1/2"]
[WhiteElo "1905"]
[BlackElo "2064"]
[WhiteFideId "14608693"]
[BlackFideId "24141917"]
[EventDate "2022.03.27"]

1. f4 d5 2. Nf3 c6 3. b3 Bg4 4. e3 Nd7 5. Bb2 Qc7 6. d4 e6 7. Nbd2 Bb4 8. a3
Bxf3 9. Qxf3 Bxd2+ 10. Kxd2 Ngf6 11. Bd3 c5 12. dxc5 Nxc5 13. Bxf6 gxf6 14. b4
Ne4+ 15. Bxe4 dxe4 16. Qxe4 Rg8 17. f5 O-O-O+ 18. Kc1 Qc3 19. Ra2 e5 20. Rd1
Rxd1+ 21. Kxd1 Rd8+ 22. Ke2 Kb8 23. h3 h5 24. h4 Qd2+ 25. Kf1 Qd1+ 26. Kf2 Rd2+
27. Kg3 Qe1+ 28. Kh2 Re2 29. Ra1 Qxa1 30. Qd3 Rxc2 31. Qxc2 Qxa3 32. Qc5 a6 33.
Qd6+ Ka7 34. Qc5+ Ka8 35. Qf8+ 1/2-1/2

[Event "22nd ch-EUR Indiv 2022"]
[Site "Terme Catez SLO"]
[Date "2022.04.02"]
[Round "7.147"]
[White "Franc, Borna"]
[Black "Garsky, Vladyslav"]
[Result "1-0"]
[WhiteElo "2013"]
[BlackElo "1768"]
[WhiteFideId "14555948"]
[BlackFideId "34100270"]
[EventDate "2022.03.27"]

1. e4 c6 2. d4 d5 3. exd5 cxd5 4. Bd3 Nc6 5. c3 Nf6 6. Bf4 g6 7. Nf3 Bg7 8. Nbd2
O-O 9. O-O b6 10. h3 Bb7 11. Re1 Nh5 12. Bh2 Bh6 13. Ne5 Nxe5 14. Bxe5 f6 15.
Bh2 Nf4 16. Bxf4 Bxf4 17. g3 Bd6 18. f4 e5 19. Rf1 Qd7 20. Qg4 f5 21. Qe2 e4 22.
Bb5 Qg7 23. Qe3 Kh8 24. Rf2 g5 25. Kh2 gxf4 26. gxf4 Qh6 27. Nf1 Rf7 28. Ng3 Rg8
29. Raf1 Qh4 30. Be2 Bc8 31. Nh5 Rg6 32. Rg2 Rf8 33. Qf2 Qxf2 34. Rfxf2 Rfg8 35.
Ng3 Be6 36. Bf1 Be7 37. Re2 Bh4 38. Re3 Bc8 39. a3 Be7 40. Be2 Bd6 41. Rf2 Rh6
42. Bb5 Rh4 43. Ne2 Rgg4 44. Rg3 Rxf4 45. Nxf4 Bxf4 46. Bc6 Be6 47. c4 Bd6 48.
Bxd5 Bxd5 49. cxd5 f4 50. Rg5 f3+ 51. Kg1 Rf4 52. Rc2 Rf8 53. Rc3 Bf4 54. Re5
Rg8+ 55. Kf1 Bxe5 56. dxe5 Rg5 57. d6 e3 58. Rxe3 1-0

[Event "22nd ch-EUR Indiv 2022"]
[Site "Terme Catez SLO"]
[Date "2022.04.02"]
[Round "7.148"]
[White "Franco, Alessandro P."]
[Black "Gueci, Tea"]
[Result "0-1"]
[BlackTitle "WIM"]
[WhiteElo "1848"]
[BlackElo "2235"]
[WhiteFideId "865923"]
[BlackFideId "872342"]
[EventDate "2022.03.27"]

1. e4 c5 2. Nf3 e6 3. c3 d5 4. exd5 Qxd5 5. d4 Nc6 6. Be3 cxd4 7. Nxd4 Nxd4 8.
Bxd4 Nf6 9. Na3 Bxa3 10. Qa4+ Bd7 11. Qxa3 Qe4+ 12. Be2 Bb5 13. c4 Bxc4 14. Qe3
Qxe3 15. Bxe3 Bxe2 16. Kxe2 O-O 17. Rac1 Nd5 18. Bc5 Rfd8 19. Rc4 b5 20. Rc2
Rac8 21. Rhc1 Nf4+ 22. Kf1 Nd3 23. Rd1 Rd5 24. b4 Nxb4 25. Rxd5 exd5 26. Re2 Nd3 0-1

[Event "22nd ch-EUR Indiv 2022"]
[Site "Terme Catez SLO"]
[Date "2022.04.02"]
[Round "7.149"]
[White "Tribushnaya, Olga"]
[Black "Van Hoolandt, Patrick"]
[Result "1-0"]
[BlackTitle "FM"]
[WhiteElo "1716"]
[BlackElo "2065"]
[WhiteFideId "14123045"]
[BlackFideId "200999"]
[EventDate "2022.03.27"]

1. e4 e5 2. Nf3 Nc6 3. Bb5 Nf6 4. O-O Nxe4 5. Re1 Nd6 6. Bxc6 dxc6 7. Nxe5 Be7
8. Qe2 Nf5 9. c3 O-O 10. d4 c5 11. dxc5 Bxc5 12. Bf4 Qh4 13. Nd3 Bb6 14. a4 a5
15. Na3 Be6 16. g3 Qh3 17. Qf1 Qxf1+ 18. Kxf1 Bb3 19. Re4 Rad8 20. Nc1 Rd1+ 21.
Ke2 Rxc1 22. Rxc1 f6 23. Ke1 g5 24. g4 Nh4 25. Bg3 f5 26. gxf5 Nxf5 27. Nc4 Nd6
28. Nxd6 cxd6 29. Rg4 h6 30. h4 Rf5 31. hxg5 h5 32. Re4 Rxg5 33. Kd2 Rd5+ 34.
Ke1 Kf7 35. c4 Rf5 36. Bxd6 Bxf2+ 37. Ke2 Bh4 38. Rxh4 Bxa4 39. Rf4 Ke6 40. Rxf5
Kxf5 41. Ra1 1-0

[Event "22nd ch-EUR Indiv 2022"]
[Site "Terme Catez SLO"]
[Date "2022.04.02"]
[Round "7.150"]
[White "Maksimovic, Masa"]
[Black "Pasti, Zsombor"]
[Result "1-0"]
[WhiteTitle "WFM"]
[WhiteElo "2063"]
[BlackElo "1773"]
[WhiteFideId "14408902"]
[BlackFideId "799173"]
[EventDate "2022.03.27"]

1. e4 e5 2. Nf3 Nc6 3. Bb5 Nf6 4. O-O a6 5. Ba4 Be7 6. Re1 b5 7. Bb3 d6 8. c3
O-O 9. h3 Na5 10. Bc2 c5 11. d4 Qc7 12. d5 Nd7 13. Nbd2 c4 14. Nf1 Nb7 15. Ng3
Nb6 16. Nh2 Nc5 17. Rf1 Re8 18. Ng4 a5 19. Qf3 b4 20. Nh5 b3 21. Ngf6+ Bxf6 22.
Nxf6+ Kf8 23. Nxe8 Kxe8 24. axb3 cxb3 25. Bd1 Bd7 26. Qh5 h6 27. f4 Nxe4 28.
fxe5 Qc5+ 29. Kh2 Qxd5 30. exd6 Qxd6+ 31. Bf4 Qf6 32. Bxb3 g5 33. Bc7 1-0

[Event "22nd ch-EUR Indiv 2022"]
[Site "Terme Catez SLO"]
[Date "2022.04.02"]
[Round "7.151"]
[White "Shevchenko, Matviei"]
[Black "Henseler, Jorgen"]
[Result "1/2-1/2"]
[WhiteElo "1326"]
[BlackElo "2059"]
[WhiteFideId "14188678"]
[BlackFideId "1023233"]
[EventDate "2022.03.27"]

1. e4 c5 2. Nc3 a6 3. g3 Nc6 4. Bg2 g6 5. d3 Bg7 6. Be3 d6 7. f4 e6 8. Nf3 Nge7
9. O-O O-O 10. Rb1 Nd4 11. Ne2 Nxf3+ 12. Bxf3 Nc6 13. c3 Bd7 14. h4 f5 15. Kh2
Kh8 16. Rh1 e5 17. Kg2 Qe7 18. h5 gxh5 19. Rxh5 Qf7 20. Qh1 Qg6 21. Qh2 Rf7 22.
Rh1 Bf6 23. exf5 Bxf5 24. Rh6 Qg7 25. Bd5 Re7 26. Be4 Bxe4+ 27. dxe4 Rg8 28. f5
Nb8 29. Rg6 Qf7 30. Qh6 Nd7 31. g4 Rxg6 32. fxg6 Qg7 33. Qh5 Nf8 34. g5 Nxg6 35.
Kf1 Rf7 36. gxf6 Qxf6+ 37. Ke1 Qe6 38. b3 d5 39. exd5 Qxd5 40. Rh2 Qd3 41. Qg5
Rd7 42. Qf6+ Kg8 43. Qe6+ Kh8 44. Qe8+ Kg7 45. Bh6+ Kf6 46. Rf2+ Nf4 47. Bg5+ 1/2-1/2

[Event "22nd ch-EUR Indiv 2022"]
[Site "Terme Catez SLO"]
[Date "2022.04.02"]
[Round "7.152"]
[White "Miftari, Hedon"]
[Black "Kocharin, Timur"]
[Result "0-1"]
[WhiteElo "1987"]
[BlackElo "1760"]
[WhiteFideId "15007065"]
[BlackFideId "16240936"]
[EventDate "2022.03.27"]

1. e4 c6 2. d4 d5 3. e5 c5 4. dxc5 e6 5. Nf3 Bxc5 6. Bd3 Nc6 7. O-O f6 8. exf6
Nxf6 9. Re1 O-O 10. h3 e5 11. Bf1 e4 12. Nfd2 Bxf2+ 13. Kxf2 Ng4+ 0-1

[Event "22nd ch-EUR Indiv 2022"]
[Site "Terme Catez SLO"]
[Date "2022.04.02"]
[Round "7.153"]
[White "Spacapan, Simon"]
[Black "Zlatanovic, Marcus"]
[Result "1-0"]
[WhiteElo "1966"]
[BlackElo "1680"]
[WhiteFideId "14612461"]
[BlackFideId "14626195"]
[EventDate "2022.03.27"]

1. e4 c5 2. Nf3 g6 3. d4 cxd4 4. Qxd4 Nf6 5. e5 Nc6 6. Qa4 Nd5 7. Qe4 Ndb4 8.
Bb5 d6 9. Qxb4 Bd7 10. Bxc6 Bxc6 11. exd6 exd6 12. Qb3 Bg7 13. O-O O-O 14. Bg5
Qa5 15. Nbd2 Rfe8 16. Nc4 Qc7 17. Ncd2 Re2 18. Rfe1 Rae8 19. Be3 Bxf3 20. gxf3
Rxe1+ 21. Rxe1 Qd7 22. Qb4 Be5 23. Nf1 Qf5 24. Kg2 Qxc2 25. Qxb7 Bxb2 26. Bd4
Bxd4 27. Rxe8+ Kg7 28. Ne3 1-0

[Event "22nd ch-EUR Indiv 2022"]
[Site "Terme Catez SLO"]
[Date "2022.04.02"]
[Round "7.154"]
[White "Linnemann, Caspar"]
[Black "Kuznetsova, Elyzaveta"]
[Result "1-0"]
[WhiteElo "1773"]
[BlackElo "1366"]
[WhiteFideId "16200284"]
[BlackFideId "14189950"]
[EventDate "2022.03.27"]

1. e4 e5 2. Nf3 Nc6 3. Nc3 Nf6 4. d4 exd4 5. Nxd4 Bb4 6. Nxc6 bxc6 7. Bd3 O-O 8.
O-O d5 9. exd5 cxd5 10. Bg5 Bxc3 11. bxc3 h6 12. Bh4 g5 13. Bg3 Re8 14. Re1 c6
15. Qf3 Re6 16. Re5 Rxe5 17. Bxe5 Ng4 18. Bg3 Qf6 19. Qxf6 Nxf6 20. Re1 Be6 21.
Rb1 Re8 22. f3 Nd7 23. Rb7 a5 24. Rc7 c5 25. Bb5 Rd8 26. Bd6 c4 27. Be7 Re8 28.
Bf6 Nxf6 29. Bxe8 Nxe8 30. Ra7 Bf5 31. Rxa5 Bxc2 32. Rxd5 Bd3 33. a4 Kf8 34. a5
Ke7 35. Re5+ Kd7 36. Rxe8 Kc7 37. Re7+ Kc6 38. a6 1-0

[Event "22nd ch-EUR Indiv 2022"]
[Site "Terme Catez SLO"]
[Date "2022.04.02"]
[Round "7.155"]
[White "Palczert, Miklos"]
[Black "Qorri, Fatmir"]
[Result "1-0"]
[WhiteElo "1770"]
[BlackElo "2031"]
[WhiteFideId "727938"]
[BlackFideId "4702107"]
[EventDate "2022.03.27"]

1. e4 e5 2. Nc3 Nf6 3. f4 d6 4. Nf3 exf4 5. d4 Be7 6. Bxf4 O-O 7. Bd3 c6 8. Ng5
h6 9. h4 Qb6 10. e5 dxe5 11. dxe5 Qxb2 12. Bd2 Ng4 13. Rb1 Qa3 14. Qe2 Qc5 15.
Nf3 b5 16. Ne4 Qb6 17. a4 b4 18. Neg5 Ba6 19. a5 Qb7 20. Qe4 Bxd3 21. cxd3 f5
22. exf6 Nxf6 23. Qe6+ Kh8 24. Ne5 g6 25. Nxg6+ Kg7 26. Nxf8 Bxf8 27. O-O Bc5+
28. Kh1 hxg5 29. Qxf6+ Kg8 30. Qe6+ Kh8 31. Bc3+ 1-0

[Event "22nd ch-EUR Indiv 2022"]
[Site "Terme Catez SLO"]
[Date "2022.04.03"]
[Round "8.1"]
[White "Sargissian, Gabriel"]
[Black "Bluebaum, Matthias"]
[Result "1/2-1/2"]
[WhiteTitle "GM"]
[BlackTitle "GM"]
[WhiteElo "2681"]
[BlackElo "2642"]
[WhiteFideId "13300881"]
[BlackFideId "24651516"]
[EventDate "2022.03.27"]

1. d4 Nf6 2. c4 e6 3. g3 d5 4. Bg2 dxc4 5. Nf3 Bb4+ 6. Bd2 a5 7. a3 Be7 8. Qa4+
Nbd7 9. Nc3 O-O 10. Qxc4 c6 11. O-O e5 12. Rad1 1/2-1/2

[Event "22nd ch-EUR Indiv 2022"]
[Site "Terme Catez SLO"]
[Date "2022.04.03"]
[Round "8.3"]
[White "Shevchenko, Kirill"]
[Black "Gadimbayli, Abdulla"]
[Result "1/2-1/2"]
[WhiteTitle "GM"]
[BlackTitle "IM"]
[WhiteElo "2652"]
[BlackElo "2451"]
[WhiteFideId "14129574"]
[BlackFideId "13404938"]
[EventDate "2022.03.27"]

1. e4 e6 2. d4 d5 3. e5 c5 4. c3 Bd7 5. Nf3 Qb6 6. Bd3 cxd4 7. O-O Nc6 8. Re1
Nge7 9. h4 h6 10. h5 Rc8 11. Nbd2 dxc3 12. bxc3 Na5 13. Rb1 Qc7 14. Ba3 Qxc3 15.
Nb3 Nec6 16. Rc1 Qxe1+ 17. Qxe1 Bxa3 18. Rb1 b6 19. Nxa5 Nxa5 20. Qe3 Nc4 21.
Bxc4 Bc5 22. Qc3 dxc4 23. Nd2 O-O 24. Nxc4 Bc6 25. Ne3 Rfd8 26. Rd1 Rxd1+ 27.
Nxd1 Rd8 28. Nb2 Bb5 29. Nc4 Bxc4 30. Qxc4 Rd2 31. Kh2 1/2-1/2

[Event "22nd ch-EUR Indiv 2022"]
[Site "Terme Catez SLO"]
[Date "2022.04.03"]
[Round "8.4"]
[White "Ter-Sahakyan, Samvel"]
[Black "Lagarde, Maxime"]
[Result "1/2-1/2"]
[WhiteTitle "GM"]
[BlackTitle "GM"]
[WhiteElo "2632"]
[BlackElo "2626"]
[WhiteFideId "13302531"]
[BlackFideId "662399"]
[EventDate "2022.03.27"]

1. e4 c5 2. Nf3 d6 3. d4 cxd4 4. Nxd4 Nf6 5. Nc3 Nc6 6. Bg5 e6 7. Qd2 a6 8.
O-O-O Bd7 9. Kb1 Be7 10. f3 Nxd4 11. Qxd4 Qc7 12. Qd2 b5 13. g4 h5 14. gxh5 Nxh5
15. Rg1 Bf6 16. Bxf6 gxf6 17. f4 Qc5 18. Bg2 b4 19. Ne2 Rc8 20. Bf3 Bc6 21. Nd4
Bb7 22. f5 e5 23. Nb3 Qb6 24. Qxd6 Qxd6 25. Rxd6 Bc6 26. Nc5 Ke7 27. Rgd1 a5 28.
Nb3 Nf4 29. Nxa5 Be8 30. R6d2 Rh4 31. Re1 Bb5 32. Nb3 Rch8 33. Kc1 Rxh2 34. Rxh2
Rxh2 35. Rh1 Rf2 36. Nd2 Kd6 37. Bh5 Bc6 38. Bxf7 Ne2+ 39. Kd1 Ng3 40. Rh4 Rg2
41. c3 bxc3 42. bxc3 Ne2 43. Rh3 Ng3 44. Rh4 Ne2 45. Rh3 Ng3 46. Rh4 1/2-1/2

[Event "22nd ch-EUR Indiv 2022"]
[Site "Terme Catez SLO"]
[Date "2022.04.03"]
[Round "8.5"]
[White "Ivic, Velimir"]
[Black "Anton Guijarro, David"]
[Result "1/2-1/2"]
[WhiteTitle "GM"]
[BlackTitle "GM"]
[WhiteElo "2610"]
[BlackElo "2694"]
[WhiteFideId "950122"]
[BlackFideId "2285525"]
[EventDate "2022.03.27"]

1. e4 e5 2. Nf3 Nc6 3. Bb5 a6 4. Ba4 Nf6 5. O-O Be7 6. d3 b5 7. Bb3 d6 8. Bd2
O-O 9. h3 h6 10. a3 Rb8 11. Nc3 a5 12. Nd5 a4 13. Ba2 Bd7 14. Nxe7+ Nxe7 15. Nh4
g5 16. f4 exf4 17. Bc3 Kg7 18. g3 Bxh3 19. Qd2 Ng6 20. Nf5+ Bxf5 21. gxf4 g4 22.
exf5 Nh4 23. Qh2 b4 24. axb4 Nxf5 25. Bd5 Kh7 26. Bc6 d5 27. b5 d4 28. Bb4 Re8
29. Rfe1 Re3 30. Rxe3 dxe3 31. Bc5 Nd4 32. Qg2 Nxc6 33. Qxc6 Nd5 34. b6 cxb6 35.
Bd6 Qh4 36. Qxd5 Qf2+ 37. Kh1 Qh4+ 38. Kg1 Qf2+ 1/2-1/2

[Event "22nd ch-EUR Indiv 2022"]
[Site "Terme Catez SLO"]
[Date "2022.04.03"]
[Round "8.6"]
[White "Indjic, Aleksandar"]
[Black "Saric, Ivan"]
[Result "0-1"]
[WhiteTitle "GM"]
[BlackTitle "GM"]
[WhiteElo "2605"]
[BlackElo "2687"]
[WhiteFideId "911925"]
[BlackFideId "14508150"]
[EventDate "2022.03.27"]

1. d4 d5 2. c4 c6 3. Nf3 Nf6 4. Qb3 e6 5. Bg5 Nbd7 6. Nc3 a5 7. cxd5 exd5 8. a3
Be7 9. Qc2 O-O 10. Bf4 Nh5 11. Bd2 Re8 12. g4 Nhf6 13. g5 Nh5 14. e3 Bxg5 15. h4
Bh6 16. Bd3 g6 17. O-O-O b5 18. Ne2 b4 19. Qxc6 Rb8 20. axb4 axb4 21. Rdg1 Bb7
22. Qa4 Bc6 23. Qa1 Qf6 24. Ng5 Ra8 25. Qb1 Ba4 26. b3 Rec8+ 27. Kd1 Bc6 28. f4
Nc5 29. Bc2 Bb5 30. Bxb4 Bxe2+ 31. Kxe2 Nxf4+ 32. exf4 Qxd4 33. Bxc5 Rxc5 34.
Kf3 Rc3+ 35. Kg4 Qf2 36. Qd1 Ra1 37. Nh3 Rxh3 38. Kxh3 Rxd1 39. Bxd1 Bxf4 40. h5
g5 0-1

[Event "22nd ch-EUR Indiv 2022"]
[Site "Terme Catez SLO"]
[Date "2022.04.03"]
[Round "8.7"]
[White "Volokitin, Andrei"]
[Black "Bjerre, Jonas Buhl"]
[Result "1/2-1/2"]
[WhiteTitle "GM"]
[BlackTitle "GM"]
[WhiteElo "2687"]
[BlackElo "2601"]
[WhiteFideId "14107090"]
[BlackFideId "1444948"]
[EventDate "2022.03.27"]

1. e4 e5 2. Nf3 Nf6 3. Nxe5 d6 4. Nf3 Nxe4 5. Nc3 Nxc3 6. dxc3 Be7 7. Be3 O-O 8.
Qd2 Nd7 9. O-O-O c6 10. Kb1 d5 11. h4 Re8 12. Bd3 Bc5 13. Bd4 Bxd4 14. cxd4 Nf6
15. Rde1 Ne4 16. Qf4 Qf6 17. Qxf6 Nxf6 18. Rxe8+ Nxe8 19. Re1 Nd6 20. b3 Bg4 21.
Nh2 1/2-1/2